[Event "Madrid 2023-2024ch - Previa B"]
[Site "Madrid ESP"]
[Date "2024.02.02"]
[Round "2.5"]
[White "Marret, Constantin Pierre"]
[Black "Lozano Argueso, Cesar"]
[Result "0-1"]
[WhiteElo "1532"]
[BlackElo "1808"]
[PlyCount "88"]
[EventDate "2024.02.01"]
[EventType "swiss"]
[EventRounds "9"]
[EventCountry "ESP"]
[SourceTitle "Ajedrez en Madrid"]
[Source "lmi"]
[SourceDate "2024.02.01"]
[SourceVersion "1"]
[SourceVersionDate "2024.02.25"]
[SourceQuality "1"]

1. d4 Nf6 2. Nf3 g6 3. g3 Bg7 4. Bg2 d6 5. O-O O-O 6. c4 c6 7. Nc3 Bf5 8. Re1
Ne4 9. Nh4 Nxc3 10. bxc3 Be6 11. Qb3 Qb6 12. Rb1 Qxb3 13. axb3 d5 14. cxd5 cxd5
15. e4 Rd8 16. exd5 Bxd5 17. Bxd5 Rxd5 18. Rxe7 Nd7 19. Nf3 Bf6 20. Re2 b5 21.
Bd2 Nb6 22. Rbe1 Kg7 23. Re8 Rdd8 24. Rxd8 Rxd8 25. Bg5 Rc8 26. Bxf6+ Kxf6 27.
Rc1 a5 28. Nd2 a4 29. bxa4 bxa4 30. Ne4+ Ke7 31. Ra1 Ra8 32. Nc5 Kd6 33. Ne4+
Kd5 34. f3 Kc4 35. Rb1 Nd5 36. Nd6+ Kxc3 37. Nb5+ Kc2 38. Ra1 Nc3 39. Nxc3 Kxc3
40. d5 a3 41. d6 Kb2 42. Rd1 a2 43. d7 a1=Q 44. Rxa1 Rxa1+ 0-1

[Event "Madrid 2023-2024ch - Previa B"]
[Site "Madrid ESP"]
[Date "2024.02.02"]
[Round "2.6"]
[White "Baeza Escudero, Javier"]
[Black "Alvear Zapata, Juan Pablo"]
[Result "1-0"]
[WhiteElo "1802"]
[BlackElo "1525"]
[PlyCount "67"]
[EventDate "2024.02.01"]
[EventType "swiss"]
[EventRounds "9"]
[EventCountry "ESP"]
[SourceTitle "Ajedrez en Madrid"]
[Source "lmi"]
[SourceDate "2024.02.01"]
[SourceVersion "1"]
[SourceVersionDate "2024.02.25"]
[SourceQuality "1"]

1. e4 e5 2. Nf3 Nf6 3. Nc3 Bb4 4. Bc4 Bxc3 5. dxc3 O-O 6. Bg5 h6 7. Bh4 d6 8.
Qd3 Be6 9. O-O-O Bxc4 10. Qxc4 Qe7 11. Bxf6 Qxf6 12. Qxc7 Qf4+ 13. Kb1 Qxe4 14.
Qxd6 Nc6 15. Rhe1 Qf4 16. Qd2 Qf5 17. Qd7 Qf6 18. Rd6 Rad8 19. Qxd8 Qxd8 20.
Rxd8 Rxd8 21. Kc1 f6 22. Rd1 Kf7 23. Rxd8 Nxd8 24. Kd2 Ne6 25. b4 b5 26. g3 Nc7
27. Kd3 Nd5 28. Nd2 Ke6 29. a3 Nb6 30. c4 a6 31. cxb5 axb5 32. c4 e4+ 33. Kxe4
bxc4 34. Nxc4 1-0

[Event "Madrid 2023-2024ch - Previa B"]
[Site "Madrid ESP"]
[Date "2024.02.02"]
[Round "2.8"]
[White "Mata Medina, Andres"]
[Black "Blanco Barrios, Aitana"]
[Result "1-0"]
[WhiteElo "1774"]
[BlackElo "1519"]
[PlyCount "43"]
[EventDate "2024.02.01"]
[EventType "swiss"]
[EventRounds "9"]
[EventCountry "ESP"]
[SourceTitle "Ajedrez en Madrid"]
[Source "lmi"]
[SourceDate "2024.02.01"]
[SourceVersion "1"]
[SourceVersionDate "2024.02.25"]
[SourceQuality "1"]

1. c4 c6 2. Nc3 d5 3. cxd5 cxd5 4. d4 Nf6 5. Bf4 Bf5 6. Qb3 Qd7 7. Nf3 Nc6 8.
e3 a6 9. Ne5 Qc8 10. Na4 Ra7 11. Nb6 Qd8 12. Rc1 g6 13. Nxc6 bxc6 14. Rxc6 Bg7
15. Bd3 Be6 16. O-O O-O 17. Rfc1 Ne4 18. Bxe4 dxe4 19. Rxe6 fxe6 20. Qxe6+ Kh8
21. Rc8 Rc7 22. Bxc7 1-0

[Event "Madrid 2023-2024ch - Previa B"]
[Site "Madrid ESP"]
[Date "2024.02.02"]
[Round "2.12"]
[White "Marin Lopez, Juan Jose"]
[Black "Manas Carrete, Miguel Angel"]
[Result "1-0"]
[WhiteElo "1775"]
[BlackElo "1500"]
[PlyCount "123"]
[EventDate "2024.02.01"]
[EventType "swiss"]
[EventRounds "9"]
[EventCountry "ESP"]
[SourceTitle "Ajedrez en Madrid"]
[Source "lmi"]
[SourceDate "2024.02.01"]
[SourceVersion "1"]
[SourceVersionDate "2024.02.25"]
[SourceQuality "1"]

1. e4 e6 2. d4 d5 3. e5 c5 4. c3 Nc6 5. Nf3 cxd4 6. cxd4 h6 7. Nc3 Bb4 8. Bd3
Nge7 9. O-O Nf5 10. a3 Ba5 11. Bc2 a6 12. Na4 O-O 13. Qd3 g6 14. b4 Bc7 15. Rd1
b5 16. Nc5 Kg7 17. Qd2 Rh8 18. g3 h5 19. Qd3 Qe8 20. Bf4 h4 21. g4 Nh6 22. h3
Bd8 23. Qe3 Be7 24. Bd3 f5 25. exf6+ Bxf6 26. g5 Nf5 27. gxf6+ Kf7 28. Ng5+
Kxf6 29. Bxf5 gxf5 30. Re1 Rg8 31. Kh2 Ra7 32. Rg1 Rg6 33. Nf3 Rag7 34. Ne5
Rxg1 35. Rxg1 Rxg1 36. Kxg1 Qg8+ 37. Kf1 Ne7 38. Nf3 Ng6 39. Bg5+ Kf7 40. Nd3
Kg7 41. Nxh4 Nf8 42. Qe5+ Kh7 43. Qf6 Qg7 44. Qxg7+ Kxg7 45. Bf4 Nd7 46. Nf3
Nb6 47. Nc5 Nc4 48. Bc1 a5 49. Ne5 axb4 50. axb4 Nd6 51. Nc6 Kf6 52. Bf4 Nb7
53. Be5+ Kg5 54. Nxb7 Bxb7 55. Nd8 Bc8 56. Kg2 Bd7 57. Kg3 Kh5 58. Nb7 Kg5 59.
Nc5 Bc8 60. Bd6 Kf6 61. Kf4 Kg6 62. Ke5 1-0

[Event "Madrid 2023-2024ch - Previa B"]
[Site "Madrid ESP"]
[Date "2024.02.02"]
[Round "2.13"]
[White "Martin Hernandez, Vicente"]
[Black "Senador-Gomez Jaen, Julio"]
[Result "1-0"]
[WhiteElo "1748"]
[BlackElo "1408"]
[PlyCount "55"]
[EventDate "2024.02.01"]
[EventType "swiss"]
[EventRounds "9"]
[EventCountry "ESP"]
[SourceTitle "Ajedrez en Madrid"]
[Source "lmi"]
[SourceDate "2024.02.01"]
[SourceVersion "1"]
[SourceVersionDate "2024.02.25"]
[SourceQuality "1"]

1. d4 d5 2. c4 e6 3. Nc3 Nf6 4. Bg5 Be7 5. Nf3 O-O 6. e3 h6 7. Bh4 Re8 8. Rc1
c5 9. cxd5 exd5 10. dxc5 g5 11. Bg3 Bxc5 12. Bb5 Nc6 13. O-O Be6 14. Ne5 Rc8
15. Na4 Be7 16. Bxc6 bxc6 17. Nxc6 Qd7 18. Nxe7+ Qxe7 19. Qd4 Ne4 20. Nc3 Rc4
21. Nxd5 Bxd5 22. Qxd5 Rb4 23. Rc7 Rd8 24. Qa5 Qf8 25. Be5 f6 26. Bd4 Qd6 27.
Qxa7 Qd5 28. Rg7+ 1-0

[Event "Madrid 2023-2024ch - Previa B"]
[Site "Madrid ESP"]
[Date "2024.02.02"]
[Round "2.14"]
[White "Marcos Medina, Alejandro"]
[Black "Quiroga Andres, Carlos"]
[Result "0-1"]
[WhiteElo "1642"]
[BlackElo "1373"]
[PlyCount "142"]
[EventDate "2024.02.01"]
[EventType "swiss"]
[EventRounds "9"]
[EventCountry "ESP"]
[SourceTitle "Ajedrez en Madrid"]
[Source "lmi"]
[SourceDate "2024.02.01"]
[SourceVersion "1"]
[SourceVersionDate "2024.02.25"]
[SourceQuality "1"]

1. d4 f5 2. g3 e6 3. Bg2 Nf6 4. Nh3 Be7 5. O-O O-O 6. c4 d6 7. Nc3 e5 8. dxe5
dxe5 9. Qb3 c6 10. Ng5 Kh8 11. Nf3 e4 12. Rd1 Qb6 13. Ne5 Be6 14. Qxb6 axb6 15.
b3 Nbd7 16. Nxd7 Nxd7 17. a4 Bf6 18. Bb2 Nc5 19. g4 g6 20. b4 Nb3 21. Rab1 Bxc4
22. Rd7 Rf7 23. Rbd1 Raf8 24. R1d6 Be5 25. Rxf7 Rxf7 26. Rd8+ Kg7 27. e3 c5 28.
f4 exf3 29. Bxf3 fxg4 30. Nd1 Bxb2 31. Nxb2 gxf3 32. Nxc4 cxb4 33. Kf2 Nc5 34.
Ne5 Rf8 35. Rd4 b3 36. Nd7 Rf5 37. Nxb6 Rf6 38. Nd5 b2 39. Rd1 Nd3+ 40. Kf1 Nc1
41. Nc3 Rb6 42. Nb1 Kh6 43. Kf2 Rb4 44. Kxf3 Rxa4 45. e4 Ra1 46. Nd2 b1=Q 47.
Nxb1 Rxb1 48. e5 Rb3+ 49. Ke4 Rb4+ 50. Ke3 Na2 51. Kd3 Rb6 52. Kd4 Re6 53. Rb1
Kg5 54. Rb2 Nc1 55. Rg2+ Kf4 56. Rf2+ Kg4 57. Rf6 Re7 58. e6 Nb3+ 59. Kd5 Na5
60. Kd6 Nc6 61. Rf7 Re8 62. Rxb7 Nd4 63. Rb4 Rxe6+ 64. Kd5 Kh3 65. Rxd4 Re2 66.
Kc4 Rxh2 67. Kd3 g5 68. Ke3 g4 69. Rd5 Kg3 70. Rg5 h5 71. Rg8 Ra2 0-1

[Event "Madrid 2023-2024ch - Previa B"]
[Site "Madrid ESP"]
[Date "2024.02.02"]
[Round "2.15"]
[White "Mazo Fernandez, Roberto"]
[Black "Neill Rodriguez, John"]
[Result "1-0"]
[WhiteElo "1947"]
[BlackElo "1180"]
[PlyCount "57"]
[EventDate "2024.02.01"]
[EventType "swiss"]
[EventRounds "9"]
[EventCountry "ESP"]
[SourceTitle "Ajedrez en Madrid"]
[Source "lmi"]
[SourceDate "2024.02.01"]
[SourceVersion "1"]
[SourceVersionDate "2024.02.25"]
[SourceQuality "1"]

1. c4 e5 2. g3 Nf6 3. Bg2 Bc5 4. Nc3 a6 5. d3 d6 6. a3 O-O 7. b4 Ba7 8. e3 c6
9. Nge2 Bg4 10. h3 Bd7 11. O-O h6 12. a4 Nh7 13. b5 Qc8 14. Kh2 Ng5 15. h4 Nh7
16. Qb3 f6 17. b6 g5 18. bxa7 Rxa7 19. Qb6 Ra8 20. Rb1 gxh4 21. gxh4 Kf7 22.
Qxb7 Qxb7 23. Rxb7 Rd8 24. Ba3 Kg8 25. Bxd6 Bf5 26. Rxb8 Raxb8 27. Bxb8 Rxb8
28. e4 Bd7 29. Rb1 1-0

[Event "Madrid 2023-2024ch - Previa B"]
[Site "Madrid ESP"]
[Date "2024.02.02"]
[Round "2.16"]
[White "Anton Ortiz, Carlos"]
[Black "Becerra Baigorri, Jose"]
[Result "1/2-1/2"]
[WhiteElo "1615"]
[BlackElo "1447"]
[PlyCount "183"]
[EventDate "2024.02.01"]
[EventType "swiss"]
[EventRounds "9"]
[EventCountry "ESP"]
[SourceTitle "Ajedrez en Madrid"]
[Source "lmi"]
[SourceDate "2024.02.01"]
[SourceVersion "1"]
[SourceVersionDate "2024.02.25"]
[SourceQuality "1"]

1. d4 d5 2. c4 e6 3. Nf3 Nf6 4. g3 Be7 5. Bg2 O-O 6. O-O Nbd7 7. Qc2 c6 8. Bg5
h6 9. Bf4 b6 10. cxd5 cxd5 11. Qc6 Ba6 12. Nc3 Qc8 13. Qa4 Qc4 14. Qc2 Rac8 15.
Qb3 Bb4 16. Nd2 Qxb3 17. axb3 Bxc3 18. bxc3 Bxe2 19. Rfe1 Bb5 20. c4 Bc6 21.
Bd6 Rfe8 22. Rxa7 Ra8 23. Rea1 Rec8 24. Kf1 Ne8 25. Bf4 Rxa7 26. Rxa7 Ra8 27.
Rxa8 Bxa8 28. b4 g5 29. Be3 Nc7 30. c5 Bc6 31. Ke1 Na6 32. Nc4 bxc5 33. bxc5
Nb4 34. Na3 Nf6 35. Bf1 Ba4 36. Bd2 Nc6 37. Bc3 Ne4 38. Bb2 Na5 39. f3 Nf6 40.
Kd2 h5 41. Kc3 Nc6 42. h3 g4 43. hxg4 hxg4 44. Be2 gxf3 45. Bxf3 Kf8 46. Kd3
Ke7 47. Bc3 Kd7 48. Ke3 Ne7 49. Bb4 Nf5+ 50. Kf4 Nxd4 51. Bc3 Nxf3 52. Bxf6 Nd2
53. Be5 Ne4 54. Bd4 Kc6 55. g4 Nxc5 56. Nb1 Ne4 57. g5 Bc2 58. Nc3 Nd6 59. Ne2
Bg6 60. Bf2 Ne4 61. Bd4 Kd6 62. Nc3 Nd2 63. Nb5+ Kd7 64. Bf6 Ne4 65. Be5 Kc6
66. Nd4+ Kc5 67. Bg7 Nd6 68. Be5 Nf5 69. Nxf5 Bxf5 70. Ke3 Kc4 71. Bf6 Kc5 72.
Be5 Bg6 73. Bd4+ Kd6 74. Kf4 Bh7 75. Be5+ Ke7 76. Bf6+ Kd6 77. Be5+ Kc5 78. Ke3
Be4 79. Bf6 Bc2 80. Be5 Kc6 81. Kd4 Kd7 82. Bf6 Ke8 83. Bg7 Ke7 84. Ke5 Bb1 85.
Kd4 Bg6 86. Ke5 Kd7 87. Bf6 Kc6 88. Kd4 Kd6 89. Be5+ Ke7 90. Bg7 Bf5 91. Ke5
Bg6 92. Kd4 1/2-1/2

[Event "Madrid 2023-2024ch - Previa B"]
[Site "Madrid ESP"]
[Date "2024.02.02"]
[Round "2.17"]
[White "Tendero Perez, Daniel"]
[Black "Moreno Sabroso, Ruben"]
[Result "1-0"]
[WhiteElo "1603"]
[BlackElo "1417"]
[PlyCount "137"]
[EventDate "2024.02.01"]
[EventType "swiss"]
[EventRounds "9"]
[EventCountry "ESP"]
[SourceTitle "Ajedrez en Madrid"]
[Source "lmi"]
[SourceDate "2024.02.01"]
[SourceVersion "1"]
[SourceVersionDate "2024.02.25"]
[SourceQuality "1"]

1. d4 d5 2. Nf3 e6 3. e3 Nf6 4. Nbd2 Be7 5. Bd3 O-O 6. c3 c5 7. Qe2 Nc6 8. b3
a6 9. O-O b5 10. e4 dxe4 11. Nxe4 cxd4 12. Nxf6+ Bxf6 13. Qe4 g6 14. Qxc6 Bd7
15. Qe4 dxc3 16. Bh6 Re8 17. Bc2 Qc7 18. Rad1 Bc6 19. Qe3 a5 20. a3 Qe7 21. Nd4
Bd7 22. Qxc3 Rec8 23. Qf3 Bh8 24. Be4 Ra7 25. Be3 Rac7 26. Rd3 f5 27. Bb7 Rc3
28. Bxc8 Rxd3 29. Bxd7 Qxd7 30. Qa8+ Kg7 31. Nf3 Rd5 32. Qxa5 Kf8 33. Qa8+ Kg7
34. b4 Rd1 35. Qa7 Qxa7 36. Bxa7 Rd3 37. Bd4+ Kg8 38. Bxh8 Kxh8 39. Ra1 Kg7 40.
Ne5 Rd5 41. f4 Kf6 42. Kf2 g5 43. g3 Rd2+ 44. Kf3 gxf4 45. gxf4 Rd4 46. Rf1 Rd2
47. Rf2 Rd1 48. Kg2 Ra1 49. Rf3 Rd1 50. Rd3 Re1 51. Kh3 Rf1 52. Nd7+ Ke7 53.
Kg3 Rg1+ 54. Kf2 Rg4 55. Kf3 Rh4 56. Kg3 Rg4+ 57. Kf3 Rh4 58. Nc5 Rxh2 59. Nb3
Rh4 60. Nd4 Rg4 61. Nxb5 h5 62. Rd2 h4 63. Rg2 Kd7 64. Rxg4 fxg4+ 65. Kxg4 Kc6
66. Nd4+ Kd5 67. Nf3 h3 68. Kxh3 Ke4 69. Kg3 1-0

[Event "Madrid 2023-2024ch - Previa B"]
[Site "Madrid ESP"]
[Date "2024.02.02"]
[Round "2.18"]
[White "Menendez Domens, Juan Manuel"]
[Black "Huang, Liangzhi"]
[Result "0-1"]
[WhiteElo "1443"]
[BlackElo "1569"]
[PlyCount "90"]
[EventDate "2024.02.01"]
[EventType "swiss"]
[EventRounds "9"]
[EventCountry "ESP"]
[SourceTitle "Ajedrez en Madrid"]
[Source "lmi"]
[SourceDate "2024.02.01"]
[SourceVersion "1"]
[SourceVersionDate "2024.02.25"]
[SourceQuality "1"]

1. d4 f5 2. e3 e6 3. Bd3 Nf6 4. Nd2 b6 5. Qf3 Nc6 6. c3 Bb7 7. Qe2 Nxd4 8. exd4
Bxg2 9. f3 Bxh1 10. Nh3 Nd5 11. Qf2 Bd6 12. Nc4 Bxh2 13. Bg5 Nf6 14. Qxh2 Bxf3
15. Qg3 Be4 16. Bxe4 Nxe4 17. Bxd8 Nxg3 18. Bxc7 Ne4 19. Be5 Rg8 20. Ke2 Ke7
21. Rg1 g5 22. Nf2 Nxf2 23. Kxf2 f4 24. Rh1 Rh8 25. Bxh8 Rxh8 26. Ne5 Kf6 27.
Nxd7+ Kf5 28. Ne5 h5 29. Kf3 g4+ 30. Kg2 h4 31. Nf7 Rh7 32. Nd6+ Kg5 33. Ne4+
Kf5 34. Nd6+ Kg6 35. c4 h3+ 36. Kf1 g3 37. Ke2 g2 38. Rg1 Rd7 39. c5 bxc5 40.
dxc5 Kh5 41. Rxg2 hxg2 42. Kf2 f3 43. Ne4 Kh4 44. b4 Rd1 45. c6 g1=Q+ 0-1

[Event "Madrid 2023-2024ch - Previa B"]
[Site "Madrid ESP"]
[Date "2024.02.02"]
[Round "2.19"]
[White "Moreno Lopez, Maria Isabel"]
[Black "De Dompablo Fantova, Juan"]
[Result "0-1"]
[WhiteElo "1387"]
[BlackElo "1564"]
[PlyCount "68"]
[EventDate "2024.02.01"]
[EventType "swiss"]
[EventRounds "9"]
[EventCountry "ESP"]
[SourceTitle "Ajedrez en Madrid"]
[Source "lmi"]
[SourceDate "2024.02.01"]
[SourceVersion "1"]
[SourceVersionDate "2024.02.25"]
[SourceQuality "1"]

1. b3 d5 2. Bb2 e6 3. e3 Nf6 4. Be2 c5 5. f4 Nc6 6. Nf3 Bd6 7. O-O O-O 8. h3
Qc7 9. c4 Ne4 10. Qe1 Nb4 11. Na3 a6 12. cxd5 Nxd5 13. Nc4 Be7 14. Rc1 b5 15.
Nce5 f6 16. Ng4 Qb6 17. Bd3 Nd6 18. Qh4 f5 19. Nh6+ gxh6 20. Qxh6 Bf6 21. Ng5
Ra7 22. Bxf6 Rxf6 23. Qh4 h6 24. Nf3 Rg7 25. Kh1 Bb7 26. Ne5 Qc7 27. b4 c4 28.
Be2 Nf7 29. Bf3 Nxe5 30. Bxd5 Rfg6 31. Bxb7 Qxb7 32. Rg1 Rxg2 33. Qg5 R7xg5 34.
fxg5 Rxd2+ 0-1

[Event "Madrid 2023-2024ch - Previa B"]
[Site "Madrid ESP"]
[Date "2024.02.02"]
[Round "2.20"]
[White "Veiga Macias, Rodrigo"]
[Black "Garcia Tanjala, Marko"]
[Result "0-1"]
[WhiteElo "1339"]
[BlackElo "1527"]
[PlyCount "120"]
[EventDate "2024.02.01"]
[EventType "swiss"]
[EventRounds "9"]
[EventCountry "ESP"]
[SourceTitle "Ajedrez en Madrid"]
[Source "lmi"]
[SourceDate "2024.02.01"]
[SourceVersion "1"]
[SourceVersionDate "2024.02.25"]
[SourceQuality "1"]

1. e4 c5 2. Nf3 d6 3. d4 cxd4 4. Nxd4 Nf6 5. Nc3 a6 6. Be3 Nc6 7. Be2 g6 8. O-O
Bg7 9. f3 Nxd4 10. Bxd4 O-O 11. Kh1 Be6 12. Qd2 b5 13. a3 Rc8 14. Rfd1 Bc4 15.
Bxc4 Rxc4 16. Ne2 Qc7 17. c3 Rd8 18. Qe1 e5 19. Be3 d5 20. exd5 Nxd5 21. Bf2 f5
22. Bg3 Ne3 23. Rxd8+ Qxd8 24. Rb1 Rc6 25. Bf2 Nc4 26. Ng3 Rd6 27. Nf1 Rd3 28.
Ne3 Nxe3 29. Bxe3 f4 30. Bf2 Qd5 31. h3 g5 32. Kh2 Rd2 33. Bd4 Rc2 34. Qd1 Qb3
35. Bc5 h6 36. Bd6 a5 37. Be7 Kf7 38. Qd7 Rxg2+ 39. Kxg2 Qc2+ 40. Kg1 Qxb1+ 41.
Kg2 Qxb2+ 42. Kg1 Qb1+ 43. Kg2 Kg6 44. Qe6+ Kh7 45. Qf7 Qg6 46. Qd5 h5 47. Qxb5
Qc2+ 48. Kg1 Qxc3 49. Qb1+ Kh6 50. Qb6+ Kh7 51. Qb1+ Kg8 52. Qb8+ Kf7 53. Qb7
Qe1+ 54. Kg2 Qe2+ 55. Kg1 Kg6 56. Qc6+ Kh7 57. Qb7 g4 58. Bf6 Qe1+ 59. Kg2
gxh3+ 60. Kh2 Qg3+ 0-1

[Event "Madrid 2023-2024ch - Previa B"]
[Site "Madrid ESP"]
[Date "2024.02.02"]
[Round "2.21"]
[White "Bonte Blazquez, Antonio"]
[Black "Perez Pascual, Arturo"]
[Result "1-0"]
[WhiteElo "1237"]
[BlackElo "1523"]
[PlyCount "115"]
[EventDate "2024.02.01"]
[EventType "swiss"]
[EventRounds "9"]
[EventCountry "ESP"]
[SourceTitle "Ajedrez en Madrid"]
[Source "lmi"]
[SourceDate "2024.02.01"]
[SourceVersion "1"]
[SourceVersionDate "2024.02.25"]
[SourceQuality "1"]

1. c4 c6 2. Nc3 d5 3. cxd5 cxd5 4. d4 Nf6 5. Nf3 Nc6 6. Bf4 Bf5 7. e3 e6 8. Nh4
Bg6 9. Bb5 Bd6 10. Bxd6 Qxd6 11. Qd2 O-O 12. Nxg6 hxg6 13. f4 Rfc8 14. h4 a6
15. Bd3 Nb4 16. a3 Nxd3+ 17. Qxd3 b5 18. Kf2 Rc4 19. Kf3 Rac8 20. g4 Qb6 21. h5
gxh5 22. g5 Ne4 23. Nxe4 dxe4+ 24. Qxe4 g6 25. Rh2 Qc6 26. Qxc6 R8xc6 27. Ke4
Kf8 28. Rd2 Rd6 29. Rad1 Ke7 30. Ke5 Rd5+ 31. Ke4 f5+ 32. Kf3 a5 33. Ke2 b4 34.
Kd3 Rc6 35. axb4 axb4 36. Rc2 Rxc2 37. Kxc2 Kd6 38. Kb3 Rb5 39. Kc4 Rb7 40. b3
Rc7+ 41. Kxb4 Kd5 42. Ka5 Ra7+ 43. Kb4 Ke4 44. Re1 Kf3 45. Kc5 h4 46. b4 h3 47.
b5 Kf2 48. Rb1 Ra8 49. b6 h2 50. b7 Rh8 51. Kc6 Kg2 52. Kc7 Rh7+ 53. Kc6 Rxb7
54. Kxb7 h1=Q 55. Rxh1 Kxh1 56. Kc6 Kg2 57. Kd6 Kf3 58. Kxe6 1-0

[Event "Madrid 2023-2024ch - Previa B"]
[Site "Madrid ESP"]
[Date "2024.02.02"]
[Round "2.22"]
[White "Liern Matesanz, Jairo"]
[Black "Quiros Florea, Rafael-Santiago"]
[Result "1-0"]
[WhiteElo "1521"]
[BlackElo "1266"]
[PlyCount "109"]
[EventDate "2024.02.01"]
[EventType "swiss"]
[EventRounds "9"]
[EventCountry "ESP"]
[SourceTitle "Ajedrez en Madrid"]
[Source "lmi"]
[SourceDate "2024.02.01"]
[SourceVersion "1"]
[SourceVersionDate "2024.02.25"]
[SourceQuality "1"]

1. d4 Nf6 2. c4 e6 3. Nf3 b6 4. Bf4 Bb7 5. g3 Bb4+ 6. Nc3 O-O 7. a3 Bxc3+ 8.
bxc3 d5 9. cxd5 Nxd5 10. Qd2 Nxf4 11. Qxf4 Qd6 12. Qe3 Nd7 13. c4 c5 14. Rd1
Rfd8 15. Bg2 Nf6 16. O-O Bxf3 17. Bxf3 cxd4 18. Bxa8 dxe3 19. Rxd6 Rxd6 20.
fxe3 Rd2 21. Bf3 Rc2 22. Rd1 Kf8 23. Rd8+ Ke7 24. Ra8 Rxc4 25. Rxa7+ Nd7 26.
Kf2 Kd6 27. e4 Ne5 28. h3 Nxf3 29. exf3 Rc7 30. e5+ Kc6 31. Rxc7+ Kxc7 32. Ke3
Kc6 33. Kd4 Kb5 34. g4 Ka4 35. Kc4 Kxa3 36. Kb5 Kb3 37. Kxb6 Kc4 38. Kc6 Kd4
39. Kd6 Ke3 40. Ke7 Kf4 41. Kxf7 Kxe5 42. Kxg7 Kf4 43. Kxh7 e5 44. Kh6 Kxf3 45.
g5 e4 46. g6 e3 47. g7 e2 48. g8=Q e1=Q 49. Qg4+ Ke3 50. Qe6+ Kf2 51. Qxe1+
Kxe1 52. h4 Kf2 53. Kg5 Ke3 54. h5 Ke4 55. h6 1-0

[Event "Madrid 2023-2024ch - Previa B"]
[Site "Madrid ESP"]
[Date "2024.02.02"]
[Round "2.23"]
[White "Ortega Sanchez Montanez, Marcos"]
[Black "Duran Rodriguez, Adriana"]
[Result "1-0"]
[WhiteElo "1511"]
[BlackElo "1230"]
[PlyCount "93"]
[EventDate "2024.02.01"]
[EventType "swiss"]
[EventRounds "9"]
[EventCountry "ESP"]
[SourceTitle "Ajedrez en Madrid"]
[Source "lmi"]
[SourceDate "2024.02.01"]
[SourceVersion "1"]
[SourceVersionDate "2024.02.25"]
[SourceQuality "1"]

1. d4 e6 2. c4 c5 3. d5 Nf6 4. Nc3 d6 5. e4 Bd7 6. h3 a6 7. Bd3 g6 8. Nf3 Bg7
9. O-O O-O 10. Be3 Qe8 11. a4 exd5 12. exd5 Nh5 13. Re1 f5 14. Bxc5 dxc5 15.
Rxe8 Bxe8 16. Ng5 h6 17. Ne6 Rf7 18. g4 Nf6 19. gxf5 gxf5 20. Bxf5 Nbd7 21. Nc7
Rc8 22. Nxe8 Rxe8 23. Be6 h5 24. Qc2 Kf8 25. Bxf7 Kxf7 26. Kf1 Ne5 27. Re1 Nfd7
28. Qf5+ Bf6 29. Qxh5+ Kf8 30. f4 Nf7 31. Rxe8+ Kxe8 32. Ne4 Be7 33. Ng5 Bxg5
34. fxg5 Kf8 35. g6 Nf6 36. Qf5 Kg7 37. gxf7 Kxf7 38. Qe6+ Kg7 39. d6 b5 40.
cxb5 axb5 41. axb5 c4 42. b6 c3 43. bxc3 Kg6 44. d7 Kg5 45. d8=Q Kh5 46. Qh8+
Kg5 47. Qexf6# 1-0

[Event "Madrid 2023-2024ch - Previa B"]
[Site "Madrid ESP"]
[Date "2024.02.02"]
[Round "2.24"]
[White "Garcia Martin, Marco"]
[Black "Lorenzo Martin, Hector"]
[Result "0-1"]
[WhiteElo "1203"]
[BlackElo "1498"]
[PlyCount "104"]
[EventDate "2024.02.01"]
[EventType "swiss"]
[EventRounds "9"]
[EventCountry "ESP"]
[SourceTitle "Ajedrez en Madrid"]
[Source "lmi"]
[SourceDate "2024.02.01"]
[SourceVersion "1"]
[SourceVersionDate "2024.02.25"]
[SourceQuality "1"]

1. e4 e6 2. d4 d5 3. Nc3 dxe4 4. Nxe4 Nd7 5. Nf3 Ngf6 6. Bg5 h6 7. Nxf6+ Nxf6
8. Bh4 c5 9. Bxf6 gxf6 10. Bb5+ Bd7 11. Qe2 Qa5+ 12. c3 Qxb5 13. Qe4 Qxb2 14.
O-O Bc6 15. Qf4 Bg7 16. dxc5 O-O 17. Qg3 Qxc3 18. Rac1 Qa3 19. Rc4 f5 20. Rh4
Bxf3 21. Qxf3 Qxf3 22. gxf3 Rac8 23. Kh1 Rxc5 24. Rg1 Kh7 25. Rh3 Rfc8 26. Rhg3
Bf6 27. Kg2 Rc1 28. Kh3 Rxg1 29. Rxg1 Rc2 30. Kg3 Rxa2 31. Rb1 Bb2 32. Rd1 b5
33. Rd7 Kg7 34. Kf4 Kf6 35. h4 Be5+ 36. Ke3 b4 37. f4 Bc3 38. f3 a5 39. h5 a4
40. Ra7 a3 41. Ra4 Rh2 42. Ra7 a2 43. Kd3 a1=Q 44. Rxa1 Bxa1 45. Ke3 b3 46. Kd3
b2 47. Ke3 b1=R 48. Kd3 Rd1+ 49. Kc4 Rc2+ 50. Kb3 Rdc1 51. Kb4 Rb1+ 52. Ka3 Bc3
0-1

[Event "Madrid 2023-2024ch - Previa B"]
[Site "Madrid ESP"]
[Date "2024.02.03"]
[Round "3.1"]
[White "Pajuelo Morales, Raul"]
[Black "Baeza Escudero, Javier"]
[Result "1/2-1/2"]
[WhiteElo "1879"]
[BlackElo "1802"]
[PlyCount "65"]
[EventDate "2024.02.01"]
[EventType "swiss"]
[EventRounds "9"]
[EventCountry "ESP"]
[SourceTitle "Ajedrez en Madrid"]
[Source "lmi"]
[SourceDate "2024.02.01"]
[SourceVersion "1"]
[SourceVersionDate "2024.02.25"]
[SourceQuality "1"]

1. d4 d5 2. c4 c6 3. Nc3 Nf6 4. Nf3 dxc4 5. a4 Bg4 6. Ne5 Bh5 7. f3 e6 8. e4
Bb4 9. Be2 b5 10. O-O Bxc3 11. bxc3 Nfd7 12. Nxd7 Nxd7 13. Ba3 f6 14. d5 cxd5
15. exd5 e5 16. axb5 Nb6 17. Qd2 Qxd5 18. Qe3 Kf7 19. Rab1 Rhd8 20. Rfd1 Qe6
21. Rd2 Rxd2 22. Qxd2 Rc8 23. Rd1 Kg8 24. Bb4 Be8 25. Qa2 Qf7 26. Qa6 Rc7 27.
Rd8 Rd7 28. Rb8 h5 29. Bc5 Rd2 30. Kf1 Nd7 31. Rxe8+ Qxe8 32. Be3 Rxe2 33. Kxe2
1/2-1/2

[Event "Madrid 2023-2024ch - Previa B"]
[Site "Madrid ESP"]
[Date "2024.02.03"]
[Round "3.2"]
[White "Alonso Anton, Carlos"]
[Black "Arce Balluerca, Oscar"]
[Result "1-0"]
[WhiteElo "1776"]
[BlackElo "1870"]
[PlyCount "113"]
[EventDate "2024.02.01"]
[EventType "swiss"]
[EventRounds "9"]
[EventCountry "ESP"]
[SourceTitle "Ajedrez en Madrid"]
[Source "lmi"]
[SourceDate "2024.02.01"]
[SourceVersion "1"]
[SourceVersionDate "2024.02.25"]
[SourceQuality "1"]

1. d4 f5 2. Nf3 g6 3. c4 Nf6 4. Nc3 Bg7 5. e3 O-O 6. Qb3 d6 7. Be2 h6 8. O-O
Nc6 9. Rd1 e6 10. Bd2 g5 11. Be1 Qe8 12. Rac1 e5 13. dxe5 dxe5 14. Nd5 Qf7 15.
Nxf6+ Qxf6 16. c5+ Kh8 17. Bc3 b6 18. Bb5 Be6 19. Qc2 g4 20. Bxc6 gxf3 21. Bxa8
Rxa8 22. gxf3 Rg8 23. Kh1 Qf7 24. b3 Bd5 25. Qe2 Ba8 26. e4 Qh5 27. Rc2 Qh4 28.
Rd7 fxe4 29. Rxg7 Rxg7 30. Bxe5 exf3 31. Bxg7+ Kxg7 32. Qe5+ Kg6 33. Qg3+ Qg5
34. Qxg5+ hxg5 35. c6 Kf5 36. h3 Ke5 37. Kh2 Kd6 38. Kg3 Bxc6 39. Kg4 Bd7+ 40.
Kxf3 Bxh3 41. Kg3 Be6 42. Kf3 c5 43. Rc1 b5 44. Ke3 a5 45. Rd1+ Ke5 46. Rd8 a4
47. bxa4 bxa4 48. a3 Bb3 49. Re8+ Kf5 50. Rf8+ Ke5 51. Rc8 Kd5 52. Rg8 c4 53.
Rxg5+ Ke6 54. Kd2 Kf6 55. Rc5 Ke6 56. Kc3 Kd6 57. Rxc4 1-0